| 000 | 00568nam a22001937a 4500 | ||
|---|---|---|---|
| 003 | OSt | ||
| 005 | 20260425115552.0 | ||
| 008 | 260425b |||||||| |||| 00| 0 eng d | ||
| 020 | _a9789368571506 | ||
| 040 | _ckul | ||
| 082 | _a515.35 MUR.I | ||
| 100 |
_aMurray, Daniel A. _913939 |
||
| 245 | _aIntroductory Course in Differential Equations | ||
| 260 |
_aNew Delhi: _bWave Books, _c2026. |
||
| 300 | _axvi, 236p. | ||
| 650 |
_aDifferential Equations -- Textbooks _913940 |
||
| 650 |
_aDifferential Equations -- Problems & Exercises _913941 |
||
| 942 |
_2ddc _cBK |
||
| 999 |
_c759034 _d759034 |
||